21st Century manufacturing.

Bibliographic Details
Format: Book
Published: Vienne: United Nations Industrial Development Organization, 2013.
Subjects:
LEADER 00382cam a2200121 7i4500
001 0000030865
005 20140218090000.0
090 0 0 |a I 338.4767   |b CEN 
245 0 0 |a 21st Century manufacturing. 
260 0 0 |a Vienne:   |b United Nations Industrial Development Organization,   |c 2013. 
300 # # |a 91 p. 
650 0 0 |a Manufacturing industries  
999 |a 0000033552  |b Book  |c International  |e Business Information Centre